000 00574nam a2200169Ia 4500
003 GCL
008 140319s9999 xx 000 0 ara d
020 _a3941 0258
040 _aGCL /
_cGCL
082 0 4 _aد
_b050
_bو ع
245 1 0 _aالعربى مايو2005(تايلاند الخفية المسموح و غير المسموح )
250 _aالاولى
260 _aالكويت :
_bوزارة الاعلام بدولة الكويت ،
_c2005
650 0 4 _aفلسطين - الوضع الدولى
650 0 4 _aتايلاند - وصف ورحلات
942 _2ddc
_cCR
999 _c7757
_d7757